000 00344nas a2200157 a 4500
001 79232
003 155307
005 20201118111613.0
008 ||||||n9999 ||| || ||
245 0 _aTime - Vol.156 No.22
260 _aEstados Unidos :
562 _e1
773 _021966
_aTime
942 _cSISS
999 _c79232
_d79232